00573cam a22001937a 4500003000500000005001700005008004100022010001000063011001000073020001800083035001000101040000900111082001500120100002800135245010500163260005100268300003100319650002900350CHAP20220329142428.0010123d1996 uk a r 00110 eng d a83314 a84286 a0 85199 149 1 a94805 cCHAP04a631.46bH300aHall, Geffrey S.e, ed.10aMethods for the examination of organismal diversity in soils and sedimentsc/ed. by Geoffrey S. Hall aWallingford, UK :bCAB International,cc.1996. a307 p. :bilus. ; gráfs.14aSuelosxMicroorganismos.